名前に「学」がつく駅 - Statistics

General Stats
  • This quiz has been taken 97 times
  • The average score is 28 of 83
Answer Stats
Hint Answer % Correct
徳島線
97%
東急東横線 学芸大学
82%
京成千原線 学園前
79%
近鉄奈良線 学園前
79%
札幌市電 学園前
79%
東急東横線 都立大学
74%
山万ユーカリが丘線 中学校
73%
小田急小田原線 成城学園前
70%
つくばエクスプレス 研究学園
68%
小田急小田原線 東海大学前
65%
西武池袋線 大泉学園
62%
東急田園都市線 駒沢大学
62%
近鉄けいはんな線 学研奈良登美ヶ丘
61%
多摩モノレール 中央大学・明星大学
59%
松浦鉄道線 大学
59%
札沼線 北海道医療大学
58%
東武伊勢崎線 獨協大学前
56%
小田急小田原線 玉川学園前
53%
名古屋市営地下鉄名城線 名古屋大学
53%
西武多摩湖線 一橋学園
52%
越後線 新潟大学前
50%
京急本線 県立大学
48%
近鉄けいはんな線 学研北生駒
48%
富士急行線 都留文科大学前
48%
上田電鉄別所線 大学前
48%
近江鉄道本線 大学前
48%
山陰本線 鳥取大学前
47%
多摩モノレール 大塚・帝京大学
47%
筑肥線 九大学研都市
45%
久大本線 久留米大学前
44%
日暮里・舎人ライナー 赤土小学校前
42%
南海本線 和歌山大学前
41%
富山地方鉄道富山軌道線 富山大学前
39%
豊肥本線 大分大学前
38%
南海高野線 学文路
36%
山陰本線 鍼灸大学前
35%
西鉄甘木線 学校前
35%
京福電鉄北野線 等持院・立命館大学衣笠キャンパス前
35%
神戸市営地下鉄西神・山手線 学園都市
35%
日豊本線 別府大学
33%
宇都宮ライトレール 宇都宮大学陽東キャンパス
33%
都電荒川線 学習院下
33%
富良野線 学田
32%
鹿児島本線 崇城大学前
30%
名鉄瀬戸線 大森・金城学院前
30%
横浜シーサイドライン 市大医学部
29%
豊橋鉄道渥美線 愛知大学前
29%
長崎電気軌道 長崎大学
27%
豊肥本線 東海学園前
24%
叡山電鉄叡山本線 茶山・京都芸術大学
24%
紀州鉄道線 学門
24%
鹿児島本線 神村学園前
23%
アルピコ交通上高地線 北新・松本大学前
23%
三岐鉄道三岐線 暁学園前
21%
上信電鉄線 高崎商科大学前
20%
ポートライナー 計算科学センター
20%
阿武隈急行線 福島学院前
18%
天竜浜名湖鉄道線 常葉大学前
18%
ひたちなか海浜鉄道線 美乃浜学園
17%
伊予鉄道横河原線 愛大医学部南口
17%
富山地方鉄道富山港線 奥田中学校前
12%
遠州鉄道線 自動車学校前
12%
弘南鉄道大鰐線 弘前学院大前
11%
叡山電鉄叡山本線 修学院
11%
札幌市電 資生館小学校前
9%
宇都宮ライトレール 平石中央小学校前
9%
札幌市電 幌南小学校前
8%
富山地方鉄道富山港線 萩浦小学校前
8%
広島電鉄宇品線 広大附属学校前
8%
万葉線 志貴野中学校前
6%
えちぜん鉄道三国芦原線 日華化学前
6%
長野電鉄長野線 附属中学前
6%
一畑電車北松江線 出雲科学館パークタウン前
6%
琴電長尾線 学園通り
6%
長崎電気軌道 大学病院
6%
鹿児島市電 工学部前
6%
広島電鉄白島線 女学院前
5%
広島電鉄宮島線 山陽女学園前
5%
琴電長尾線 農学部前
5%
とさでん交通後免線 清和学園前
5%
札幌市電 静修学園前
3%
鹿児島市電 甲東中学校前
3%
鹿児島市電 純心学園前
0%
No matching quizzes found
Score Distribution
Percent of People with Each Score
Percentile by Number Answered
Your Score History
You have not taken this quiz